"Realer, exakter, präziser"?: Die DDR-Kirchenpolitik gegenüber der Evangelisch-Lutherischen Landeskirche Mecklenburgs von 1971 bis 1989
: / Rahel - - Verfasser: Frank, Rahel *1972-* - Körperschaft: - - Erschienen: Schwerin : Der Landesbeauftragte für Mecklenburg-Vorpommern für die Unterlagen des Staatssicherheitsdienstes der ehemaligen Deutschen Demokratischen Republik, - - Umfang: - ISBN: 3-933255-18-X *Pb. : ca. E...
| Main Author: | |
|---|---|
| Corporate Author: | |
| Format: | Print Book |
| Language: | German |
| Subito Delivery Service: | Order now. |
| Check availability: | HBZ Gateway |
| WorldCat: | WorldCat |
| Interlibrary Loan: | Interlibrary Loan for the Fachinformationsdienste (Specialized Information Services in Germany) |
| Published: |
Schwerin
Der Landesbeauftragte für Mecklenburg-Vorpommern für die Unterlagen des Staatssicherheitsdienstes der ehemaligen Deutschen Demokratischen Republik
2004
|
| In: | Year: 2004 |
| Reviews: | Realer, exakter, präziser? Die DDR-Kirchenpolitik gegenüber der Evangelisch-Lutherischen Landeskirche Mecklenburgs von 1971 bis 1989. By Rahel Frank. Pp. 524+16 plates. Schwerin: Der Landesbeauftragte für Stasi-Unterlagen, 2004. €10. 3 933255 18 X (2005) (Herbstritt, Georg, 1965 -)
|
| Standardized Subjects / Keyword chains: | B
Deutschland (boat, 1866-1875) (DDR)
/ Church politics (motif)
/ Evangelisch-Lutherische Landeskirche Mecklenburgs
/ History 1971-1989
|
MARC
| LEADER | 00000cam a2200000 c 4500 | ||
|---|---|---|---|
| 001 | 375986839 | ||
| 003 | DE-627 | ||
| 005 | 20251223202911.0 | ||
| 007 | tu | ||
| 008 | 031219s2004 gw ||||| 00| ||ger c | ||
| 015 | |a 04,N01,2327 |2 dnb | ||
| 015 | |a 04,B23,0717 |2 dnb | ||
| 016 | 7 | |a 969437676 |2 DE-101 | |
| 020 | |a 393325518X |c Pb. : ca. EUR 10.00 |9 3-933255-18-X | ||
| 024 | 3 | |a 9783933255181 | |
| 035 | |a (DE-627)375986839 | ||
| 035 | |a (DE-576)111956196 | ||
| 035 | |a (DE-599)GBV375986839 | ||
| 035 | |a (OCoLC)249132634 | ||
| 035 | |a (OCoLC)62718699 | ||
| 040 | |a DE-627 |b ger |c DE-627 |e rakwb | ||
| 041 | |a ger | ||
| 044 | |c XA-DE-MV | ||
| 082 | 0 | |a 261.70943170904 |q DE-101 |2 22/ger | |
| 082 | 0 | |a 230 | |
| 082 | 0 | |a 943 | |
| 082 | 0 | 4 | |a 943 |a 230 |
| 084 | |a 8,1 |2 ssgn | ||
| 084 | |a BP 6114 |2 rvk |0 (DE-625)rvk/15067:351 | ||
| 084 | |a MG 81270 |2 rvk |0 (DE-625)rvk/122864:12072 | ||
| 084 | |a 11.55 |2 bkl | ||
| 084 | |a 89.41 |2 bkl | ||
| 084 | |a 89.86 |2 bkl | ||
| 100 | 1 | |0 (DE-588)120863294 |0 (DE-627)705046613 |0 (DE-576)292421648 |4 aut |a Frank, Rahel |d 1972- | |
| 109 | |a Frank, Rahel 1972- |a Saß, Rahel von 1972- | ||
| 245 | 1 | 0 | |a "Realer, exakter, präziser"? |b Die DDR-Kirchenpolitik gegenüber der Evangelisch-Lutherischen Landeskirche Mecklenburgs von 1971 bis 1989 |c Rahel Frank |
| 263 | |a kart. : ca. EUR 10.00 | ||
| 264 | 1 | |a Schwerin |b Der Landesbeauftragte für Mecklenburg-Vorpommern für die Unterlagen des Staatssicherheitsdienstes der ehemaligen Deutschen Demokratischen Republik |c 2004 | |
| 300 | |a 524 S |b Ill |c 21 cm | ||
| 336 | |a Text |b txt |2 rdacontent | ||
| 337 | |a ohne Hilfsmittel zu benutzen |b n |2 rdamedia | ||
| 338 | |a Band |b nc |2 rdacarrier | ||
| 500 | |a Literaturverz. S. 504 - 519 | ||
| 520 | |a : / Rahel - - Verfasser: Frank, Rahel *1972-* - Körperschaft: - - Erschienen: Schwerin : Der Landesbeauftragte für Mecklenburg-Vorpommern für die Unterlagen des Staatssicherheitsdienstes der ehemaligen Deutschen Demokratischen Republik, - - Umfang: - ISBN: 3-933255-18-X *Pb. : ca. EUR 10.00 - Schlagwörter: *Deutschland <DDR> / Kirchenpolitik / Evangelisch-Lutherische Landeskirche Mecklenburgs / Geschichte 1971-1989 - - Sachgebiete: 11.55 ; - 89.41 ; Staat und einzelne Gruppierungen - 89.86 ; e ; militärische Nachrichtendienste | ||
| 601 | |a Landeskirche | ||
| 601 | |a Mecklenburg | ||
| 689 | 0 | 0 | |d g |0 (DE-588)4011890-3 |0 (DE-627)104732415 |0 (DE-576)20889621X |2 gnd |a Deutschland |g DDR |
| 689 | 0 | 1 | |d s |0 (DE-588)4030745-1 |0 (DE-627)10452300X |0 (DE-576)208988858 |2 gnd |a Kirchenpolitik |
| 689 | 0 | 2 | |d b |0 (DE-588)112479-1 |0 (DE-627)101861273 |0 (DE-576)19056461X |2 gnd |a Evangelisch-Lutherische Landeskirche Mecklenburgs |
| 689 | 0 | 3 | |q z |2 gnd |a Geschichte 1971-1989 |
| 689 | 0 | |5 DE-101 | |
| 710 | 2 | |0 (DE-588)5115646-5 |0 (DE-627)171643860 |0 (DE-576)194926133 |4 oth |a Mecklenburg-Vorpommern |b Der Landesbeauftragte für die Unterlagen des Staatssicherheitsdienstes der Ehemaligen Deutschen Demokratischen Republik | |
| 787 | 0 | 8 | |i Rezensiert in |a Herbstritt, Georg, 1965 - |t Realer, exakter, präziser? Die DDR-Kirchenpolitik gegenüber der Evangelisch-Lutherischen Landeskirche Mecklenburgs von 1971 bis 1989. By Rahel Frank. Pp. 524+16 plates. Schwerin: Der Landesbeauftragte für Stasi-Unterlagen, 2004. €10. 3 933255 18 X |d 2005 |w (DE-627)1784677108 |
| 889 | |w (DE-627)820537101 | ||
| 935 | |a mteo |a LBGMV | ||
| 935 | |i Blocktest | ||
| 936 | r | v | |a BP 6114 |b Einzeluntersuchungen |k Theologie und Religionswissenschaften |k Evangelische Kirchengeschichte |k Territorialkirchengeschichte |k Evangelisch-Lutherische Landeskirche Mecklenburgs |k Einzeluntersuchungen |0 (DE-627)1273445570 |0 (DE-625)rvk/15067:351 |0 (DE-576)203445570 |
| 936 | r | v | |a MG 81270 |b Religionen (Staat und Religionen) |k Politologie |k Politische Systeme einzelner Länder |k Europa, Nordamerika |k Osteuropa (ehem. Ostblock) |k DDR (bis 1990) |k Interessenverbände, politische Gruppen |k Religionen (Staat und Religionen) |0 (DE-627)1271560712 |0 (DE-625)rvk/122864:12072 |0 (DE-576)201560712 |
| 936 | b | k | |a 11.55 |j Protestantismus |0 (DE-627)106403907 |
| 936 | b | k | |a 89.41 |j Staat und einzelne Gruppierungen |0 (DE-627)106417118 |
| 936 | b | k | |a 89.86 |j Nachrichtendienste |j militärische Nachrichtendienste |0 (DE-627)106413619 |
| 951 | |a BO | ||
| ELC | |b 1 | ||
| ORI | |a SA-MARC-ixtheo_oa001.raw | ||
| REL | |a 1 | ||
| STA | 0 | 0 | |a Church politics (motif),Church policy,Confessional policy,Religious policy |
| STB | 0 | 0 | |a Politique ecclésiale (motif),Politique religieuse,Politique religieuse,Politique ecclésiale |
| STC | 0 | 0 | |a Política eclesiástica |
| STD | 0 | 0 | |a Politica ecclesiastica |
| STE | 0 | 0 | |a 教会政策 |
| STF | 0 | 0 | |a 教會政策 |
| STG | 0 | 0 | |a Política eclesiástica |
| STH | 0 | 0 | |a Церковная политика |
| STI | 0 | 0 | |a Πολιτική της Εκκλησίας,Εκκλησιαστική πολιτική |
| SUB | |a REL | ||
| SYG | 0 | 0 | |a DDR,Deutsche Demokratische Republik,Germany,Amerikanische Zone Deutschlands,BRD,Britische Zone Deutschlands,Bundesrepublik Deutschland,Französische Zone Deutschlands,Vereinigtes Wirtschaftsgebiet Deutschlands,BRD,Bundesrepublik Deutschland , Vereinigtes Wirtschaftsgebiet,Bizone,Verwaltung des Vereinigten Wirtschaftsgebietes,Französische Zone,Zone Française d'Occupation,Französische Besatzungszone,ZFO,Britische Zone,British occupation zone,Britische Besatzungszone,British Zone of Control,Britisches Kontrollgebiet,British Element,Britisches Element,Sowjetische Zone,Russische Zone,Sowjetische Besatzungszone,Russische Besatzungszone,Sowjetische Besatzungszone Deutschlands,Sowjetische Besatzungszone in Deutschland,Sowjetisch Besetzte Zone,Sowjetzone,Ostzone,SBZ,Länder,Westliche Bundesländer,Alte Bundesländer,Deutschland,Westdeutschland,Deutschland,Westzonen,Westliche Besatzungszonen,Trizone,Östliche Bundesländer,Neue Bundesländer,Länder,Deutschland,Ostdeutschland,Deutschland,Deutschland,Deutsche Demokratische Republik,DDR,Deutschland,German Democratic Republic,GDR,République Démocratique Allemande,RDA,Germanskaja Demokratičeskaja Respublika,Demokratičeskaja Respublika,Democratic Republic,Demokratische Republik,Niemiecka Republika Demokratyczna,NRD,Ǧumhūrīyat Almāniyā ad-Dīmuqrāṭīya,República Democrática Alemana,Saksan Demokraattisen Tasavallan,Repubblica Democratica Tedesca,Mitteldeutschland,Ostdeutschland,East Germany,Ostzone,Alemanha,Alemania,Allemagne,Almanija,Almāniyā,Bondsrepubliek Duitsland,BRD,BRD,Bundesrepublik Deutschland,Deutschland,Deutschland,Federal Republic of Germany,Förbundsrepubliken Tyskland,Förbundsrepublikken Tyskland,FRG,Germany,Németországi Szövetségi Kőztársaság,Niemiecka Republika Federalna Niemiecka Republika Federalna,NRF,Repubblica Federale di Germania,Republic of Germany,República Federal da Alemanha,República Federal de Alemania,Republik Federasi Djerman,Republika Federalna Niemiec,République Fédérale d'Allemagne,RFN,Saksan Liittotasavalta,Westdeutschland,Deutsche Länder,Germany,Heiliges Römisches Reich,Rheinbund,Deutscher Bund,Norddeutscher Bund,Deutsches Reich,Deutschland,Deutschland,BRD,Federal Republic of Germany,Republic of Germany,Allemagne,Ǧumhūrīyat Almāniyā al-Ittiḥādīya,Bundesrepublik Deutschland,BRD,Niemcy,République Fédérale d'Allemagne,Repubblica Federale di Germania,Germanija,Federativnaja Respublika Germanija,FRG,Deyizhi-Lianbang-Gongheguo,Amerikanische Zone,American occupation zone,Amerikanische Besatzungszone,ABZ,United States Area of Control,Amerikanisches Kontrollgebiet,U.S. zone of occupation,United States Zone,U.S. Zone,US-Zone , Konfessionspolitik , Evangelisch-Lutherische Kirche in Mecklenburg,Landeskirche Mecklenburgs,Mecklenburgische Kirche,Kirche,Mecklenburgische Landeskirche,Landeskirche |
| TIM | |a 100019710101_100019891231 |b Geschichte 1971-1989 | ||



